| 000 | 00865 a2200229 4500 | ||
|---|---|---|---|
| 020 | _a0538841362 | ||
| 020 | _a9780538841368 | ||
| 082 | 0 | 4 | _a658.87 |
| 090 |
_c1032 _d1032 |
||
| 100 | 1 | _aDunne, Patrick M. | |
| 245 | 1 | 0 |
_aRetailing / _cPatrick M. Dunne. |
| 250 | _a2nd ed. | ||
| 260 |
_a[S.l.] : _bSouth-Western Pub, _c1994. |
||
| 300 |
_a514 p. ; _c27 cm. |
||
| 500 | _aHardcover. | ||
| 520 | _aThis book takes a practical approach to retailing, focusing on what someone entering the retail field needs to know. When theory is discussed it is explained but not analyzed. | ||
| 700 | 1 | _aLusch, Robert F. | |
| 700 | 1 | _aGable, Myron. | |
| 856 | 4 | 0 |
_3Amazon.com _uhttp://www.amazon.com/exec/obidos/ASIN/0538841362/chopaconline-20 |
| 856 | 4 | 0 |
_3Amazon customer reviews _uhttp://www.chopac.org/cgi-bin/tools/azrev.pl?q=0538841362 |
| 942 |
_aNBS _cBK _k658.87 DUN |
||
| 999 |
_c343567 _d343567 |
||